Countries with the Highest Trade Deficit Percentage - Statistics

General Stats
  • This quiz has been taken 26 times
  • The average score is 7 of 15
Answer Stats
Percent Answer % Correct
-367.3% Tuvalu
79%
-56.0% Kiribati
74%
-59.9% Tonga
68%
-52.7% F.S. Micronesia
63%
-39.1% Samoa
63%
-33.1% Cape Verde
53%
-39.1% Maldives
53%
-52.3% Djibouti
47%
-42.0% Somalia
47%
-43.4% Andorra
37%
-33.9% Seychelles
37%
-49.5% Liberia
32%
-37.8% Nepal
32%
-35.3% Kosovo
11%
-38.6% Montenegro
11%
No matching quizzes found
Score Distribution
Percent of People with Each Score
Percentile by Number Answered
Your Score History
You have not taken this quiz